000 00707nam a2200205Ii 4500
003 JO-AjNU
008 230605s9999||||xx |||||||||||||| ||und||
040 _aJO-AjNU
_bara
_erda
_cJO-AjNU
041 _aara
050 1 4 _aBH208 1985
100 3 _aنوكس، إ؛ تعريب وتقديم محمد شفيق شيا,
_eauthor
_957069
245 0 0 _aالنظريات الجمالية: ( كانط - هيجل- شوبنهاور)
250 _aط1
264 3 1 _aبيروت:منشورات بكسون الثقافية، 1985
300 _a190ص
336 _atext
_btxt
_2rdacontent
337 _aunmediated
_bn
_2rdamedia
338 _avolume
_bnc
_2rdacarrier
650 4 _aعلم الجمال - فلسفة
_957070
999 _aA25552
_c29120
_d29120